Vent'anni : L'impegno politico di una nuova generazione partigiana /

Na minha lista:
Detalhes bibliográficos
Autor principal: Bertoni, Roberto
Formato: Livro
Idioma:inglês
Publicado em: Busto Arsizio People 2025
Tags: Adicionar Tag
Sem tags, seja o primeiro a adicionar uma tag!

MARC

LEADER 00000nam a22000007a 4500
003 Arcigay Genova
005 20260121122204.0
008 251111b |||||||| |||| 00| 0 eng d
020 |a 9791259792860 
040 |c ct 
100 |a Bertoni, Roberto 
245 |a Vent'anni :  |b L'impegno politico di una nuova generazione partigiana /  |c di Roberto Bertoni; con un saggio di Giorgia Serughetti 
260 |a Busto Arsizio  |b People  |c 2025 
942 |2 ddc  |c BK  |n 0 
999 |c 8248  |d 8248